| 000 | 01639nam a2200313Ia 4500 | ||
|---|---|---|---|
| 003 | OSt | ||
| 005 | 20201027115148.0 | ||
| 008 | 191128s1992 ck gr 000 0 spa d | ||
| 020 | _a9586530426 | ||
| 040 |
_aCO-JMCR _cCO-JMCR |
||
| 041 | 1 |
_aspa _heng |
|
| 082 | 0 | 4 |
_a658.403 / _bD795d _223 |
| 100 | 1 |
_aDrummond, Helga, _e autora _912007 |
|
| 245 | 1 | 0 |
_aDecisiones efectivas : _bguía práctica / _cHelga Drummond ; traducción, Teresa Niño Torres ; asesoria y revisión técnica, Humberto Serna Gómez |
| 260 |
_aBogotá : _bLegis, _c1992. |
||
| 300 |
_axxii, 182 páginas ; _c24 cm. |
||
| 490 | _aSerie empresarial | ||
| 500 | _aIncluye índice alfabético y datos biográficos de la autora en la solapa. Bibliografía al final de cada cápitulo. | ||
| 505 | 0 | _aCómo deberían tomarse las decisiones -- Por que las decisiones nunca se toman como deberían tomarse -- Papel de la política en la toma de decisiones -- Toma de decisiones en grupo -- Caída en la trampa: escalada en la toma de decisiones | |
| 520 | 0 | _aLos gerentes pasan gran parte de su vida laboral tomando decisiones, pero cmo todos sabemos, a pesar de nuestro, las buenas decisiones no se producen fácilmente, en especial debido a que a menudo se toman bajo presión y en medio de cualquier cantidad. | |
| 534 | _pEffective Decision Making | ||
| 546 | _aTraducido del inglés | ||
| 650 | 2 | 4 |
_aToma de decisiones en grupo _912008 |
| 650 | 2 | 4 |
_aDaciones bajo presión _912009 |
| 650 | 2 | 4 |
_aTécnicas administrativas _912010 |
| 700 | 1 |
_aNiño Torrés, Teresa, _etraductora _911834 |
|
| 700 | 1 |
_erevisor _aSerna Gómez, Humberto, _911756 |
|
| 942 |
_2ddc _cBK |
||
| 999 |
_c6108 _d6108 |
||